[Event "GER-ch Seniors 65 31st"]
[Site "Radebeul"]
[Date "2019.04.30"]
[Round "5"]
[White "Meissner, Werner"]
[Black "Kracht, Helmut"]
[Result "0-1"]
[WhiteElo "1665"]
[BlackElo "1989"]
[PlyCount "56"]
[EventDate "2019.04.26"]
[EventType "swiss"]
[EventRounds "9"]
[EventCountry "GER"]
[SourceTitle "CBM 190 Extra"]
[Source "ChessBase"]
[SourceDate "2019.07.15"]
[SourceVersion "1"]
[SourceVersionDate "2019.07.15"]
[SourceQuality "1"]

1. e4 g6 2. d4 Bg7 3. Nc3 c6 4. Nf3 d6 5. Be2 Nf6 6. 0-0 b5 7. a3 Qc7 8. Be3 0-0 9. Qc1 Bb7 10. Bh6 Nbd7 11. Bxg7 Kxg7 12. Nd2 a5 13. Bf3 Qb6 14. Ne2 c5 15. c3 cxd4 16. Nxd4 Nc5 17. Qc2 Rac8 18. Rfe1 Ncd7 19. Qb1 b4 20. Ne2 Ne5 21. axb4 axb4 22. cxb4 Qxb4 23. Nc3 Ra8 24. Qc2 Ba6 25. Ra4 Qb6 26. Bd1 Nd3 27. Nc4 Bxc4 28. Rxc4 Nxe1 0-1

[Event "GER-ch Seniors 65 31st"]
[Site "Radebeul"]
[Date "2019.04.26"]
[Round "1"]
[White "Helm, Helga"]
[Black "Kracht, Helmut"]
[Result "0-1"]
[WhiteElo "1614"]
[BlackElo "1989"]
[PlyCount "51"]
[EventDate "2019.04.26"]
[EventType "swiss"]
[EventRounds "9"]
[EventCountry "GER"]
[SourceTitle "CBM 190 Extra"]
[Source "ChessBase"]
[SourceDate "2019.07.15"]
[SourceVersion "1"]
[SourceVersionDate "2019.07.15"]
[SourceQuality "1"]

1. e4 c5 2. Nf3 g6 3. d3 Bg7 4. Be2 Nc6 5. 0-0 Nf6 6. Nc3 0-0 7. Bd2 d6 8. Rb1 a6 9. a3 b5 10. b4 Bd7 11. Na2 Rc8 12. Bc3 Qc7 13. bxc5 dxc5 14. Re1 Rfd8 15. Qc1 Be6 16. Rb2 a5 17. Rxb5 Bxa2 18. Rxc5 Qb6 19. d4 Nxe4 20. Rb5 Qa7 21. Qb2 Nxc3 22. Qxc3 Nxd4 23. Qxa5 Nxe2+ 24. Rxe2 Rd1+ 25. Re1 Qxa5 26. Rxa5 0-1

[Event "GER-chT Laender Seniors 65+"]
[Site "Templin"]
[Date "2018.09.10"]
[Round "1.4"]
[White "Kracht, Helmut"]
[Black "Glatthor, Thomas"]
[Result "1-0"]
[WhiteElo "2010"]
[BlackElo "2037"]
[PlyCount "77"]
[EventDate "2018.09.10"]
[EventType "team-swiss"]
[EventRounds "7"]
[EventCountry "GER"]
[SourceTitle "EXT 2020"]
[Source "ChessBase"]
[SourceDate "2019.10.17"]
[SourceVersion "1"]
[SourceVersionDate "2019.10.17"]
[SourceQuality "1"]
[WhiteTeam "Schleswig Holstein II"]
[BlackTeam "Berlin"]
[WhiteTeamCountry "GER"]
[BlackTeamCountry "GER"]

1. e4 d6 2. d4 g6 3. Nc3 Bg7 4. Be3 Nf6 5. f3 c6 6. Bd3 Nbd7 7. Nge2 b5 8. Qd2 a6 9. Ng3 Bb7 10. Nce2 e5 11. c3 Qc7 12. Bh6 Bxh6 13. Qxh6 c5 14. d5 c4 15. Bc2 a5 16. h3 Qb6 17. f4 exf4 18. Qxf4 0-0-0 19. Nd4 Rde8 20. 0-0-0 Re7 21. Nc6 Bxc6 22. dxc6 Qxc6 23. Rxd6 Qc5 24. Rxf6 Nxf6 25. Qxf6 Rhe8 26. Qf3 Qg5+ 27. Kb1 f5 28. Rd1 Rd8 29. Rxd8+ Kxd8 30. a3 Rd7 31. exf5 Qd2 32. fxg6 hxg6 33. Qa8+ Ke7 34. Qe4+ Kd8 35. Qxg6 Qxg2 36. Qb6+ Ke8 37. Bg6+ Kf8 38. Qf6+ Kg8 39. Qe6+ 1-0

[Event "Magdeburg Roechling Jubilee 2nd"]
[Site "Magdeburg"]
[Date "2018.02.25"]
[Round "2"]
[White "Kracht, Helmut"]
[Black "Rosen, Willy"]
[Result "1/2-1/2"]
[WhiteElo "1998"]
[BlackElo "2195"]
[PlyCount "79"]
[EventDate "2018.02.24"]
[EventType "swiss"]
[EventRounds "9"]
[EventCountry "GER"]
[SourceTitle "EXT 2019"]
[Source "ChessBase"]
[SourceDate "2018.10.10"]
[SourceVersion "1"]
[SourceVersionDate "2018.10.10"]
[SourceQuality "1"]

1. e4 c5 2. Nc3 Nc6 3. Bb5 g6 4. Nf3 Bg7 5. 0-0 Nd4 6. Bc4 d6 7. Re1 e6 8. d3 Ne7 9. Bg5 0-0 10. Nxd4 cxd4 11. Ne2 Qc7 12. c3 Nc6 13. Rc1 dxc3 14. bxc3 Na5 15. Bb3 b6 16. Bc2 Bb7 17. Bb1 Rac8 18. Nd4 Qd7 19. Qg4 Nc6 20. Nf3 f5 21. exf5 gxf5 22. Qh5 Nd8 23. Bxd8 Rfxd8 24. Ng5 Bxc3 25. Rxe6 Qg7 26. d4 Bd2 27. Rxc8 Rxc8 28. Re8+ Rxe8 29. Qxe8+ Qf8 30. Qxf8+ Kxf8 31. Nxh7+ Kg7 32. Bxf5 Bd5 33. h4 Bxa2 34. Ng5 Bxg5 35. hxg5 a5 36. Kf1 a4 37. Ke1 Bd5 38. Kd2 Bxg2 39. Kc3 Bc6 40. Kb4 1/2-1/2

[Event "Schleswig Holstein-ch Seniors op 11th"]
[Site "Buesum"]
[Date "2017.09.14"]
[Round "7"]
[White "Kracht, Helmut"]
[Black "Leiber, Bernhard"]
[Result "1/2-1/2"]
[WhiteElo "1979"]
[BlackElo "2074"]
[PlyCount "111"]
[EventDate "2017.09.08"]
[EventType "swiss"]
[EventRounds "9"]
[EventCountry "GER"]
[SourceTitle "EXT 2019"]
[Source "ChessBase"]
[SourceDate "2018.10.10"]
[SourceVersion "1"]
[SourceVersionDate "2018.10.10"]
[SourceQuality "1"]

1. d4 Nf6 2. c4 e6 3. Nc3 c5 4. e3 Be7 5. Nf3 0-0 6. Be2 b6 7. 0-0 Bb7 8. Qc2 Nc6 9. a3 d6 10. Re1 Re8 11. Bd2 Rc8 12. dxc5 bxc5 13. Rad1 Qc7 14. Bc1 Red8 15. e4 h6 16. h3 Qb8 17. Bf4 e5 18. Bc1 Nd4 19. Qb1 Qa8 20. Nd5 Nxe2+ 21. Rxe2 Nxd5 22. exd5 Rf8 23. g4 Rce8 24. g5 h5 25. Kh2 g6 26. Rg1 Bc8 27. Nh4 Kg7 28. Bd2 Bd8 29. Rge1 Qb7 30. f4 Qd7 31. Qd3 exf4 32. Rxe8 Rxe8 33. Rxe8 Qxe8 34. Bxf4 Qd7 35. b4 Be7 36. bxc5 dxc5 37. Qc3+ Kh7 38. Ng2 Qf5 39. Qe3 Qd7 40. Ne1 Bf8 41. Nd3 Qf5 42. Ne5 Bg7 43. d6 Bf8 44. Nd3 h4 45. Nxc5 Qc2+ 46. Kh1 Bxd6 47. Bxd6 Qd1+ 48. Kg2 Qxd6 49. Qf2 Kg8 50. Qe3 Bf5 51. Kg1 Bxh3 52. Ne4 Qd1+ 53. Kh2 Be6 54. Nf6+ Kf8 55. Qc5+ Kg7 56. Ne8+ 1/2-1/2

[Event "Schleswig Holstein-ch Senioren"]
[Site "Ratzeburg"]
[Date "2017.04.12"]
[Round "7.8"]
[White "Magdorf, Peter"]
[Black "Kracht, Helmut"]
[Result "1/2-1/2"]
[WhiteElo "2021"]
[BlackElo "1993"]
[PlyCount "44"]
[EventDate "2017.04.08"]
[EventType "swiss"]
[EventRounds "9"]
[EventCountry "GER"]
[SourceTitle "EXT 2022"]
[Source "ChessBase"]
[SourceDate "2021.10.06"]
[SourceVersion "1"]
[SourceVersionDate "2021.10.06"]
[SourceQuality "1"]

1. e4 c5 2. Nf3 Nc6 3. d4 cxd4 4. Nxd4 g6 5. c4 Bg7 6. Be3 Nf6 7. Nc3 Ng4 8. Qxg4 Nxd4 9. Qd1 Nc6 10. Be2 0-0 11. 0-0 d6 12. Qd2 Bd7 13. f4 Qc8 14. Rac1 b6 15. Nd5 Qd8 16. Rfe1 Rc8 17. b3 f5 18. Nc3 fxe4 19. Nxe4 Qe8 20. Bf3 Nd8 21. Ng3 h6 22. Ne4 Ne6 1/2-1/2

[Event "Schleswig Holstein-ch Senioren"]
[Site "Ratzeburg"]
[Date "2017.04.09"]
[Round "2.1"]
[White "Dittmann, Hans Adolf"]
[Black "Kracht, Helmut"]
[Result "1-0"]
[WhiteElo "2083"]
[BlackElo "1993"]
[PlyCount "71"]
[EventDate "2017.04.08"]
[EventType "swiss"]
[EventRounds "9"]
[EventCountry "GER"]
[SourceTitle "EXT 2022"]
[Source "ChessBase"]
[SourceDate "2021.10.06"]
[SourceVersion "1"]
[SourceVersionDate "2021.10.06"]
[SourceQuality "1"]

1. e4 d5 2. exd5 Qxd5 3. Nc3 Qd6 4. Bc4 Nf6 5. d3 c6 6. Nge2 e5 7. Ng3 Be6 8. Bb3 Be7 9. Qe2 Bxb3 10. axb3 Nbd7 11. Nf5 Qc7 12. Nxg7+ Kd8 13. Nf5 Bc5 14. Bg5 Rg8 15. h4 Kc8 16. Ne4 Nxe4 17. Qxe4 f6 18. Be3 b6 19. b4 Bf8 20. b5 Kb7 21. 0-0 h5 22. Ra4 a5 23. Rc4 Nc5 24. Bxc5 bxc5 25. Ra1 Kb6 26. bxc6 Qxc6 27. Ra3 Qxe4 28. Rb3+ Kc6 29. dxe4 a4 30. Ra3 Kb5 31. Rcc3 Rd8 32. Rd3 Rb8 33. Rxa4 Kxa4 34. Ra3+ Kb4 35. Rb3+ Kc4 36. Rxb8 1-0

[Event "Schleswig Holstein-ch Seniors op 10th"]
[Site "Buesum"]
[Date "2016.10.01"]
[Round "6"]
[White "Van Dongen, Rob"]
[Black "Kracht, Helmut"]
[Result "1/2-1/2"]
[WhiteElo "1893"]
[BlackElo "2021"]
[PlyCount "53"]
[EventDate "2016.09.26"]
[EventType "swiss"]
[EventRounds "9"]
[EventCountry "GER"]
[SourceTitle "EXT 2019"]
[Source "ChessBase"]
[SourceDate "2018.10.10"]
[SourceVersion "1"]
[SourceVersionDate "2018.10.10"]
[SourceQuality "1"]

1. d4 Nf6 2. c4 g6 3. Nc3 Bg7 4. e4 0-0 5. Nf3 c6 6. Be2 d5 7. cxd5 cxd5 8. e5 Ne4 9. Bf4 Qa5 10. Qa4 Qxa4 11. Nxa4 b6 12. Rc1 Bd7 13. Nc3 Nxc3 14. Rxc3 Nc6 15. 0-0 Rfc8 16. Ba6 Rcb8 17. e6 fxe6 18. Bxb8 Rxb8 19. Rfc1 Nb4 20. Rc7 Be8 21. Bf1 Nxa2 22. Rc8 Nxc1 23. Rxb8 Kf7 24. Ng5+ Kf6 25. Nxh7+ Kf7 26. Ng5+ Kf6 27. Nh7+ 1/2-1/2

[Event "GER-chA Seniors 28th"]
[Site "Niederhausen"]
[Date "2016.08.18"]
[Round "6"]
[White "Kracht, Helmut"]
[Black "Fecht, Hans Peter"]
[Result "1/2-1/2"]
[WhiteElo "2019"]
[BlackElo "2171"]
[PlyCount "52"]
[EventDate "2016.08.13"]
[EventType "swiss"]
[EventRounds "9"]
[EventCountry "GER"]
[SourceTitle "EXT 2019"]
[Source "ChessBase"]
[SourceDate "2018.10.10"]
[SourceVersion "1"]
[SourceVersionDate "2018.10.10"]
[SourceQuality "1"]

1. d4 d5 2. Nf3 Nf6 3. e3 c6 4. Ne5 Nbd7 5. f4 Ne4 6. Nd2 Ndf6 7. Ndf3 g6 8. Bd3 Bg7 9. 0-0 0-0 10. Qe1 Bf5 11. h3 Nd6 12. g4 Be4 13. Ng5 h6 14. Ngf3 e6 15. b3 Bxd3 16. cxd3 Nfe8 17. Ba3 Kh7 18. Nh4 Bf6 19. Nhf3 Be7 20. Nh2 Ng7 21. Rc1 f6 22. Nef3 Qb6 23. Qe2 a5 24. g5 Ngf5 25. Kg2 a4 26. e4 dxe4 1/2-1/2

[Event "WchT Seniors 50"]
[Site "Radebeul"]
[Date "2016.07.04"]
[Round "9.24"]
[White "Frick, Renato"]
[Black "Kracht, Helmut"]
[Result "1/2-1/2"]
[WhiteElo "2014"]
[BlackElo "2022"]
[PlyCount "120"]
[EventDate "2016.06.26"]
[EventType "team-swiss"]
[EventRounds "9"]
[EventCountry "GER"]
[SourceTitle "CBM 173 Extra"]
[Source "ChessBase"]
[SourceDate "2016.08.29"]
[SourceVersion "1"]
[SourceVersionDate "2016.08.29"]
[SourceQuality "1"]
[WhiteTeam "Liechtenstein"]
[BlackTeam "Kaltenkirchen"]
[WhiteTeamCountry "LIE"]
[BlackTeamCountry "GER"]

1. e4 c5 2. Nf3 Nc6 3. d4 cxd4 4. Nxd4 g6 5. c4 Bg7 6. Be3 d6 7. Nc3 Nf6 8. Be2 0-0 9. 0-0 Nxd4 10. Bxd4 Be6 11. Qd2 Qa5 12. Rfd1 Rfc8 13. b3 a6 14. Bxf6 exf6 15. Na4 Qxd2 16. Rxd2 Rc6 17. Rad1 Bf8 18. Bf3 Rc7 19. Nb6 Re8 20. a4 a5 21. g3 Rc6 22. Nd5 Bxd5 23. Rxd5 Re5 24. Bg2 Rc5 25. R5d3 b6 26. f4 Re8 27. Kf2 Kg7 28. g4 g5 29. f5 Rce5 30. Ke3 Rc8 31. Ra1 Rcc5 32. Bf3 Rc8 33. Kd2 Rc6 34. Ke3 Rc8 35. Ra2 Rcc5 36. Rd1 Be7 37. Kd3 Rc7 38. Rh1 Bf8 39. h3 h6 40. Rah2 Kg8 41. Rc2 Rc8 42. Rd1 Be7 43. Ra1 Kf8 44. Rb1 Ra8 45. Kc3 Rc8 46. Kb2 Ke8 47. Rd1 Rcc5 48. Rd5 Kd7 49. Rd1 Rc8 50. Rh1 Bf8 51. Rd1 Be7 52. Kc3 Ke8 53. Rd5 Rc5 54. Rcd2 Kd7 55. Rb2 Kc7 56. Rh2 Bf8 57. Rd1 Kd7 58. Rdh1 Kc7 59. Kb2 Kd7 60. Rd1 Kc7 1/2-1/2

[Event "WchT Seniors 50"]
[Site "Radebeul"]
[Date "2016.07.02"]
[Round "7.25"]
[White "Hilbig, Dieter"]
[Black "Kracht, Helmut"]
[Result "1/2-1/2"]
[WhiteElo "2014"]
[BlackElo "2022"]
[PlyCount "56"]
[EventDate "2016.06.26"]
[EventType "team-swiss"]
[EventRounds "9"]
[EventCountry "GER"]
[SourceTitle "CBM 173 Extra"]
[Source "ChessBase"]
[SourceDate "2016.08.29"]
[SourceVersion "1"]
[SourceVersionDate "2016.08.29"]
[SourceQuality "1"]
[WhiteTeam "Gera/Meuselwitz"]
[BlackTeam "Kaltenkirchen"]
[WhiteTeamCountry "GER"]
[BlackTeamCountry "GER"]

1. e4 c5 2. Nc3 Nc6 3. f4 g6 4. Nf3 Bg7 5. Bb5 Nd4 6. 0-0 Nxb5 7. Nxb5 d5 8. exd5 a6 9. Nc3 Nf6 10. d4 c4 11. Qe2 Nxd5 12. Nxd5 Qxd5 13. c3 Bf5 14. Re1 e6 15. Ne5 b5 16. g4 Bxe5 17. gxf5 Bd6 18. fxe6 fxe6 19. Qxe6+ Qxe6 20. Rxe6+ Kd7 21. Re4 Rae8 22. Rxe8 Rxe8 23. Bd2 Re2 24. Rd1 Ke6 25. h3 Kf5 26. Bc1 Ke4 27. Kf1 Rh2 28. Kg1 Re2 1/2-1/2